| 000 | 00314pam a2200121 a 4500 | ||
|---|---|---|---|
| 020 |
_a81-86314-79-2 _c |
||
| 041 | _h | ||
| 082 |
_a519.5 _bDHA |
||
| 100 | _aDHAYAGUDE M.G., | ||
| 245 |
_aSTATISTICAL AND QUANTITATIVE TECHNIQUES _hTextual Documents |
||
| 260 |
_aPUNE _bEVEREST PUBLISHING HOUSE _c1999 |
||
| 930 | _a4792 | ||
| 999 |
_c124265 _d124265 |
||